Письмо В[асилия Ивановича] Маркевича, сенатора, Петру Михайловичу фон Кауфману с просьбой исходатайствовать звание камер-юнкера ...

Доступно только в Электронных читальных залах Найти на картеНа карте
RUSMARC
00003749nmc2a22002413x 450
001d2050f6a-e063-43ef-b4a9-8695624c040b
00520231129164758.0
100##$a20230525l19131913k l0rusy0189 ca
1010#$arus
102##$aRU
105##$ay###
1220#$ad
2001#$aПисьмо В[асилия Ивановича] Маркевича, сенатора, Петру Михайловичу фон Кауфману с просьбой исходатайствовать звание камер-юнкера Николаю Александровичу Вишнякову, с приложением копии записки о том же министру Двора
$j20 февраля 1913 г.
215##$a2 л.
$d23,5х39 см
251##$cДело
300##$aПетр Михайлович фон Кауфман (1857 год - не ранее 1917 года). Письма Петру Михайловичу фон Кауфману
371##$aДокумент не является опубликованным и широко распространяемым
461#0$100190e07281-0192-43e2-b84a-6d6cf747817c
$12001
$aФон Кауфманы и фон Кауфманы Туркестанские
$1251
$cФонд
$1852
$j954
462#0$1001ff04dd05-f76b-4284-9957-af4e9e6c0442
$12001
$aМатериалы к истории рода Kауфманов; личные и служебные документы К.П., М.П., П.М. Кауфмана
$1251
$cОпись
$1852
$j1
801#0$aRU
$bРГИА
$c20230525
$gRCR
801#1$aRU
$bГлавНИВЦ
$c20230525
$2rusmarc
801#2$aRU
$bПБ им. Б.Н. Ельцина
$c20231129
$gRCR
$2rusmarc
850##$aРГИА
852##$aРГИА
$eФедеральное казенное учреждение "Российский государственный исторический архив" (РГИА)
$j262
937##$hРГИА
$d12390656
$aASBIBLIO_SCAN
035##$aRusGRCC00063635
856##$uhttp://readingroom.main.prlib.ru/item.aspx?id_node=n189305879&mode=full
Формат отображения